[Event "58. BEM 2004"]
[Site "Dortmund"]
[Date "2004.03.01"]
[Round "1.8"]
[White "Naundorf, Maik"]
[Black "Ezzat, Tarik"]
[Result "1-0"]
[WhiteElo "2015"]
[BlackElo "1606"]
[Annotator "Fritz 7 (15s)"]
[PlyCount "201"]
[EventDate "2004.??.??"]
[Source "SG Dortmund"]
[SourceDate "2004.12.16"]

{A31: Symmetrical English: 2 Nf3 Nf6 3 d4
} 1. Nf3 Nf6 2. c4 g6 3. g3 Bg7 4.
Bg2 c5 (4... d6 5. d4 c5 6. O-O cxd4 7. Nxd4 h5 8. h3 Nc6 9. Nxc6 bxc6 10. Nc3
O-O 11. Be3 Be6 12. Qd3 Qc8 13. Kh2 Nd7 14. b3 a5 15. Rac1 Rb8 16. Qd2 Nc5 17.
Bxc5 dxc5 18. Ne4 a4 19. Nxc5 axb3 20. axb3 Rd8 21. Qf4 Bd4 {
1/2-1/2 Ionov,S-Shirov,A/Moscow 1991/URS-ch (21)}) 5. d4 (5. Nc3 O-O 6. O-O e6
7. d4 d6 8. dxc5 dxc5 9. Qc2 Qe7 10. b3 b6 11. Bb2 Bb7 12. Rad1 Nc6 13. e3 Rfd8
14. a3 Na5 15. Nd2 Bxg2 16. Kxg2 Qb7+ 17. Kg1 Qc6 18. Ne2 Rac8 19. Bc3 Nb7 {
Ludwig,S-Becker,J/Ueberlingen 2000/EXT 2001/0-1 (31)}) 5... cxd4 6. Nxd4 O-O
$146 (6... Nc6 7. Nxc6 (7. Nc2 O-O 8. O-O d6 9. e4 Be6 10. Ne3 Qc8 11. Nc3 Bh3
12. Bd2 Bxg2 13. Kxg2 Qe6 14. f3 Rfc8 15. Rc1 Rab8 16. b3 a6 17. a4 Nd4 18.
Ned5 Nxd5 19. exd5 Qd7 20. Be3 Nf5 21. Bb6 Bh6 {
Horvath,M-Muzik,R/Bratislava 1991/EXT 2001/1/2-1/2 (40)}) 7... bxc6 8. O-O O-O
9. Nc3 Bb7 10. Be3 d6 11. b4 Ng4 12. Bd2 d5 13. e4 dxc4 14. Rc1 Ne5 15. Na4 Nd3
16. Rb1 Ba6 17. Qc2 Rb8 18. Rfd1 Bd4 19. Be3 e5 20. Bf1 Qe7 21. Bxd4 {
Schmenger,F-Schmidt,G/Germany 1998/EXT 99/1-0 (60)}) 7. Nc3 a6 {Sichert b5} 8.
O-O e5 (8... d6 $5 $11 {sieht gut aus}) 9. Nc2 d6 10. b3 Qc7 11. Qd2 Be6 12.
Rd1 Rd8 13. Ba3 Bf8 14. Rac1 Nc6 15. Ne3 Qa5 16. Bb2 (16. Ned5 $5 Qxa3 17.
Nxf6+ Kh8 18. Nfd5 $16) 16... Bh6 $14 17. Bxc6 (17. Ncd5 $5 {ist zu erwaegen}
17... Bxd5 18. Bc3 $14 (18. Bxd5 $6 Qxa2 19. f4 Bg7 $15)) 17... bxc6 $11 18.
Ncd5 Qxd2 19. Nxf6+ (19. Rxd2 $4 {Weiss denkt nur an das Material} 19... cxd5
20. cxd5 Nxd5 21. Rxd5 Bxe3 $19) 19... Kg7 20. Rxd2 Kxf6 21. Rd3 Ke7 22. Ba3 (
22. c5 dxc5 23. Bxe5 Rxd3 24. exd3 Rd8 $11) 22... c5 23. Rcd1 Bxe3 24. Rxe3 f5
25. f3 a5 26. Rc3 g5 {Ermoeglicht auch f4} 27. Bc1 f4 {Schwarz erobert Raum}
28. Ba3 Rg8 29. g4 Rad8 30. Kf2 h5 31. h3 h4 (31... Rh8 32. Kg2 $17) 32. Ke1
Bf7 33. Kd2 Kd7 34. Rcc1 Kc6 35. Kc3 Rd7 36. Rd2 Rgd8 37. Rcd1 Be6 38. Bb2 Bg8
39. Kc2 Be6 (39... a4 40. Bc3 $17) 40. Bc3 (40. Kc3 a4 $15) 40... Kb6 (40... a4
41. Bb2 $17) 41. Kb2 (41. Kd3 Ra8 $11) 41... Ka6 (41... a4 $5 $15 {
ist zu pruefen}) 42. Ka3 $11 Kb6 43. Ka4 {Ist a5 bedroht?} 43... Kc6 44. Rd3
Ra8 45. R1d2 Raa7 46. e3 fxe3 47. Rxe3 Ra8 48. Rdd3 (48. Bxa5 $4 {
fuehrt zum Matt in 2} 48... Rxa5+ 49. Kxa5 Ra7#) 48... Rf7 49. Bd2 Bd7 50. Re2
Rg7 51. Ka3 Kc7 52. Bc3 Re7 53. Kb2 Rf7 54. Bd2 Rg7 55. a3 Be6 56. Bc3 Rd7 57.
Bd2 Rg7 58. Re4 Rg6 59. b4 cxb4 60. axb4 axb4 61. Bxb4 Ra6 62. Kc3 Rc6 {
Greift den Isolani c4 an} 63. Kb3 (63. c5 $5 {muss beachtet werden} 63... dxc5
64. Ba5+ Kb7 65. Rxe5 $11) 63... Bg8 64. Ba5+ Kb7 65. Kb4 Kc8 66. Rc3 Kd7 67.
Ree3 Ke6 68. Kb5 (68. c5 $142 $5 $11 {sieht noch spielbar aus}) 68... Rc5+ $17
69. Kb4 (69. Ka4 $142 $5 Kd7 70. Re4 $17) 69... Rg7 $19 70. Ra3 Rb7+ 71. Kc3
Kd7 72. Re4 Ke6 $4 {wirft den Vorteil weg} (72... Bd5 73. Kd3 Bxe4+ 74. fxe4
$19) 73. Bb4 $4 {danach kann Weiss alle Traeume begraben} (73. Re3 $142 $11 {
damit waere Weiss im Spiel geblieben}) 73... Rc6 $19 74. Ra5 Kf6 75. Bxd6 Rxd6
76. Rexe5 Rc6 77. Rf5+ Ke7 78. Rae5+ Be6 79. c5 $2 (79. Re4 $142 $5 Rbc7 80.
Rxg5 $17) 79... Rb3+ 80. Kc2 Ra3 81. Kb2 Rb3+ $4 {vergibt den Vorteil} (81...
Rca6 $142 $19 {nun kommt Schwarz in Vorteil}) 82. Kc2 $17 Ra3 (82... Rb4 $142
83. Rxg5 Kf6 $17) 83. Kb2 $19 Ra2+ (83... Rca6 {ist genauer} 84. Kc2 $19) 84.
Kc3 Rf2 (84... Rca6 85. Re1 Rh2 86. Rxg5 Rxh3 87. Rf5 Rxf3+ 88. Rxf3 Ra3+ 89.
Kd2 Rxf3 90. c6 $19) 85. Re3 (85. Kd3 $142 $19) 85... Ra6 86. Kd4 $4 {
Weiss verkuerzt seine Leiden} (86. Rfe5 $19) 86... Ra4+ 87. Ke5 (87. Kd3 {
nuetzt auch nichts mehr} 87... Ra3+ 88. Ke4 Bxf5+ 89. gxf5 Rxe3+ 90. Kxe3 $19)
87... Bxf5 (87... Rd2 88. Rf7+ Kxf7 89. Rd3 Rxd3 90. f4 Rd5#) 88. Kxf5+ $19 Kd7
89. Kxg5 Ra5 90. Kxh4 Rxc5 91. Kg3 Rcc2 92. h4 Rg2+ 93. Kf4 Rc4+ 94. Kg5 (94.
Kf5 Rg3 95. Ra3 Rc8 $15) 94... Rc5+ (94... Rg3 95. h5 $17) 95. Kf4 Rh2 96. h5
Rh4 97. Kg3 Rhxh5 $4 {wirft den Vorteil weg} (97... Rh1 $142 $17) 98. gxh5 $18
Rxh5 99. Kg4 Rh8 100. f4 Re8 $4 {Schwarz haette sowieso bald aufgeben koennen}
(100... Rg8+ $142 101. Kh5 Rf8 $18) 101. Ra3 (101. Ra3 Ke6 102. Ra6+ Kf7 103.
Kg5 $16) (101. Rxe8 $142 {entschiede die Partie sofort} 101... Kxe8 102. Kg5
$18) 1-0

[Event "58. BEM 2004"]
[Site "Dortmund"]
[Date "2004.03.01"]
[Round "1.9"]
[White "Rogner, Wolfgang"]
[Black "Zachos, Ingo"]
[Result "0-1"]
[WhiteElo "1558"]
[BlackElo "2012"]
[Annotator "Fritz 7 (15s)"]
[PlyCount "36"]
[EventDate "2004.??.??"]
[Source "SG Dortmund"]
[SourceDate "2004.12.16"]

{B08: Pirc Defence: Classical System
} 1. d4 Nf6 2. Nc3 d6 3. e4 g6 4. Nf3 Bg7
5. Bc4 O-O 6. O-O Nxe4 7. Bxf7+ Rxf7 8. Nxe4 h6 9. c3 (9. Qd3 Bf5 10. Qe3 Nc6
11. c3 e5 12. dxe5 Nxe5 13. Nxe5 Bxe5 14. Ng3 Bg7 15. Nxf5 Rxf5 16. Bd2 Qe8 17.
Qd3 Qf7 18. b3 Re8 19. Be3 Rd5 20. Qc2 Qf5 21. Rac1 Qxc2 22. Rxc2 a5 23. c4 Rf5
24. a4 b6 25. Rd1 h5 26. h3 Kh7 27. Rd5 Rf7 28. Rd1 {
1/2-1/2 Anastasian,A-Ehlvest,J/New York 1998/CBM 64 (28)}) (9. Be3 Bg4 10. Ned2
Nc6 11. h3 Bf5 12. Nh4 e5 13. Nxf5 gxf5 14. f4 exd4 15. Bf2 Ne7 16. Nf3 c5 17.
Re1 Nd5 18. Qd2 Nf6 19. Bh4 Qd7 20. Nh2 Ne4 21. Qd3 Bf6 22. Bxf6 Nxf6 23. g4
Rg7 {Latasa,J-Franco del Valle,J/Logrono 2001/EXT 2002/0-1 (66)}) 9... Qf8 $146
(9... Nd7 10. Be3 Nf6 11. Nxf6+ Rxf6 12. Qd2 Kh7 13. d5 c5 14. dxc6 bxc6 15.
Bd4 Rf8 16. Bxg7 Kxg7 17. Nd4 c5 18. Nc2 Bb7 19. Rfe1 Qc7 20. Re3 Rf6 21. Rae1
e5 22. Rg3 Raf8 23. f3 Qf7 24. Ne3 {
Brunk,C-Sakurai,T/Haifa 1976/EXT 2000/0-1 (48)}) (9... Bg4 10. Qb3 Bxf3 11.
gxf3 Qc8 12. Ng3 Nd7 13. Re1 e5 14. f4 Qf8 15. fxe5 dxe5 16. Be3 exd4 17. cxd4
c6 18. Red1 Nf6 19. Qd3 Kh7 20. h4 Nd5 21. h5 Qd6 22. Re1 Rf3 23. Kg2 Raf8 24.
Qxg6+ Qxg6 25. hxg6+ Kxg6 26. Re2 R3f7 27. Rd2 Re8 28. Rd3 Rd8 29. Rh1 c5 30.
Nh5 Nxe3+ 31. fxe3 cxd4 32. Nxg7 Kxg7 {
1/2-1/2 Lueders,G-Albrecht,R/Germany 1993/EXT 99 (32)}) 10. Nh4 g5 11. Ng6 (11.
Nf3 Bg4 $11) 11... Qe8 $15 12. Qh5 Bf5 13. Re1 $2 (13. Ng3 $142 $5 {
und Weiss spielt mit} 13... Nd7 14. Nf4 $15) 13... Rf8 $1 $17 {
Motiv: Raeumung fuer den Zug e8-g6} 14. Nxe7+ $2 (14. Nxf8 {
Nutzt die Fesselung aus} 14... Qxh5) 14... Qxe7 $19 15. Bxg5 (15. Qe2 Nd7 $19)
15... hxg5 16. Nxg5 Qf6 17. Re6 Bg6 18. Qxg6 (18. Rxf6 {ist ein letzter Versuch
} 18... Bxh5 19. Rxf8+ Bxf8 20. h3 $19) 18... Qxf2+ (18... Qxf2+ 19. Kh1 Qf1+
20. Rxf1 Rxf1#) 0-1

[Event "58. BEM 2004"]
[Site "Dortmund"]
[Date "2004.03.01"]
[Round "1.10"]
[White "Kalikhman, Grigorij"]
[Black "Noori, Mir Ahmad"]
[Result "1-0"]
[WhiteElo "1975"]
[BlackElo "1553"]
[Annotator "Fritz 7 (15s)"]
[PlyCount "39"]
[EventDate "2004.??.??"]
[Source "SG Dortmund"]
[SourceDate "2004.12.16"]

{C00: French: Unusual White 2nd moves
} 1. e4 e6 2. d4 d6 3. Be3 g6 4. Nc3 Bg7
5. Qd2 h6 (5... Nd7 6. Nge2 a6 7. f3 b5 8. g4 Nb6 9. Ng3 h6 10. h4 Ne7 11. b3
Bd7 12. Rd1 Qb8 13. Nce2 a5 14. Bg2 a4 15. O-O Qa7 16. f4 axb3 17. axb3 Qa5 18.
Qd3 d5 19. f5 gxf5 20. gxf5 dxe4 21. Bxe4 Bf8 22. Bxa8 Qxa8 23. fxe6 fxe6 24.
Ne4 Nbd5 25. Nf4 Qc6 26. Nxd5 Nxd5 27. Nf6+ Nxf6 28. Rxf6 Bc8 29. Qg6+ Kd8 30.
d5 Qc3 31. dxe6+ Bd6 32. Rxd6+ {
1-0 Letay,G-Wolloner,T/Budapest 2001/CBM 81 ext (32)}) 6. O-O-O (6. f4 b6 7.
Nf3 Ne7 8. Bd3 Nd7 9. O-O Bb7 10. f5 exf5 11. exf5 g5 12. Be4 c6 13. Bd3 Nf6
14. Ne4 Ned5 15. Bf2 Nxe4 16. Bxe4 Nf6 17. Bd3 O-O 18. h4 Ng4 19. hxg5 hxg5 20.
Rae1 Nxf2 21. Qxf2 c5 22. dxc5 bxc5 23. Qg3 Bf6 24. Nxg5 Bd4+ 25. Rf2 {
1-0 Nikolenko,O-Bondarenko,V/Smolensk 2000/CBM 77 (25)}) 6... Bd7 $146 (6...
Ne7 7. f4 Nbc6 8. Nf3 d5 9. g4 dxe4 10. Ne5 f5 11. gxf5 Nxe5 12. fxe5 Nxf5 13.
Rg1 g5 14. Qe2 O-O 15. Nxe4 Nxe3 16. Qxe3 Bd7 17. h4 Bc6 18. hxg5 hxg5 19. Nxg5
Qe7 20. Qh3 Rf5 21. Qh7+ {Kalod,M-Nedela,I/Olomouc 1998/EXT 99/1-0 (60)}) (6...
Nd7 7. f3 a6 8. h4 b5 9. g4 Bb7 10. Nh3 Ne7 11. Nf2 Qb8 12. Kb1 b4 13. Ne2 a5
14. c4 Ba6 15. Nc1 Nb6 16. b3 a4 17. c5 Nd7 18. Bxa6 Rxa6 19. Nfd3 Nc6 20. d5
Bc3 21. Qe2 {D'Costa,L-Van de Berkmortel,T/Sutton 1999/EXT 2000/0-1 (38)}) 7.
f4 Ne7 8. Be2 a6 {Verhindert das Eindringen auf b5} 9. g4 f5 10. gxf5 exf5 11.
e5 d5 12. Nf3 Rg8 13. Rhg1 Be6 14. Rg2 Kd7 15. Rdg1 Qe8 16. h4 h5 $2 (16... Kc8
$142 $16) 17. Ng5 $18 Rh8 (17... Bh6 18. Nh7 Bg7 19. Bxh5 $18) 18. Bf3 (18.
Nxe6 $142 {damit wuerde Weiss es sich noch erleichtern} 18... Kxe6 19. Nxd5
Nxd5 20. Rxg6+ Kd7 21. Bc4 Nxe3 22. Rxg7+ (22. Qxe3 $6 Bf8 $18) 22... Kc8 23.
Qxe3 $18) 18... c6 (18... Bg8 19. e6+ Kc8 20. Nxd5 Nxd5 21. Bxd5 Qe7 $18) 19.
Na4 Bg8 20. Nb6+ (20. Nb6+ Kd8 21. Qa5 $18) 1-0

[Event "58. BEM 2004"]
[Site "Dortmund"]
[Date "2004.03.01"]
[Round "1.12"]
[White "Mrozinski, Werner"]
[Black "Zabel, Reinhard"]
[Result "1-0"]
[WhiteElo "1965"]
[BlackElo "1511"]
[Annotator "Fritz 7 (15s)"]
[PlyCount "45"]
[EventDate "2004.??.??"]
[Source "SG Dortmund"]
[SourceDate "2004.12.16"]

{A38: Symmetrical English vs ...g6: 4 Bg2 Bg7 5 Nf3 Nf6
} 1. Nf3 Nf6 2. c4 c5
3. Nc3 Nc6 4. g3 g6 5. Bg2 Bg7 6. O-O O-O 7. d3 d6 8. a3 Bd7 9. Rb1 Rb8 10. b4
b6 11. e3 $146 {Ueberdeckt d4} (11. b5 Na5 (11... Nd4 12. Nxd4 cxd4 13. Na2 h5
14. Nb4 h4 15. Qa4 hxg3 16. hxg3 Ra8 17. Nc6 Bxc6 18. Bxc6 Qc7 19. Bxa8 Rxa8
20. Kg2 Re8 21. f3 Qb7 22. Qc2 Ng4 23. Rh1 f5 24. Kg1 Nf6 25. Qd2 e5 26. Qg5 {
Bareev,E-Topalov,V/Frankfurt 2000/CBM 76 ext/1-0 (36)}) (11... Ne5 12. Ne1 h5
13. h3 Bc8 14. f4 Ned7 15. Nf3 Re8 16. Bd2 Nf8 17. e4 e5 {
1/2-1/2 Van Schoor,K-Romani,E/Siegen 1970/EXT 2002 (17)}) 12. Bd2 Nb7 13. Ne1
Qc8 14. Qa4 a5 15. Qc2 Bh3 16. Na4 Bxg2 17. Nxg2 Qc7 18. Bc3 Rbd8 19. Ne3 e6
20. Qb2 Ne8 21. Ng4 f5 22. Bxg7 Nxg7 23. Nh6+ Kh8 24. e4 fxe4 25. dxe4 d5 {
Maxwell,A-Campbell,D/Edinburgh 1996/EXT 2002/1-0 (40)}) 11... Qc8 12. b5 {
Weiss hat mehr Raum} 12... Nd8 13. Re1 Bh3 14. Bh1 Bg4 15. Qc2 Re8 16. a4 a5
17. bxa6 Qxa6 18. Bd2 Qc8 19. Rb3 Nc6 20. Nb5 {Der Springer dominiert} 20...
Bd7 21. Reb1 Na5 (21... Ra8 $142 $5 $11 {ist erwaegenswert}) 22. Bxa5 $16 bxa5
23. Nxd6 $1 {Die Raeumung erlaubt b3-b8} (23. Nxd6 exd6 24. Rxb8 Qxb8 25. Rxb8
Rxb8 26. d4 $16) 1-0

[Event "58. BEM 2004"]
[Site "Dortmund"]
[Date "2004.03.01"]
[Round "1.13"]
[White "Gerke, Dieter"]
[Black "Büchle, Manfred"]
[Result "1-0"]
[WhiteElo "1484"]
[BlackElo "1959"]
[Annotator "Fritz 7 (15s)"]
[PlyCount "91"]
[EventDate "2004.??.??"]
[Source "SG Dortmund"]
[SourceDate "2004.12.16"]

{D02: 1 d4 d5 2 Nf3 sidelines, including 2...Nf6 3 g3 and 2...Nf6 3 Bf4
} 1.
Nf3 c5 2. g3 d5 3. d4 e6 4. Bg2 Nf6 5. O-O Nc6 6. Bg5 h6 7. Bc1 $146 (7. Bf4 g5
8. Be5 g4 9. Ne1 cxd4 10. Bxf6 Qxf6 11. e4 dxe3 12. fxe3 Qxb2 13. Nd2 Bc5 14.
Nd3 Bxe3+ 15. Kh1 Qg7 16. c4 Qc3 17. cxd5 Qxd3 18. dxc6 Qxd2 19. cxb7 Qxg2+ {
0-1 Mertens,M-Schlingensiepen,C/Baunatal 1996/EXT 2001 (19)}) (7. Be3 cxd4 8.
Nxd4 e5 9. Nb3 Be7 10. c3 O-O 11. a4 Re8 12. Na3 Bf5 13. Bc5 Bxc5 14. Nxc5 Qb6
15. Nd3 Rad8 16. Nc2 d4 17. c4 e4 18. c5 Qc7 19. Nc1 Qe5 20. Nb3 Be6 21. Ne1
Qh5 22. f3 d3 23. exd3 Bxb3 24. Qxb3 Nd4 25. Qd1 e3 {
0-1 Halme,O-Raaste,E/Espoo 1986/EXT 97 (25)}) (7. Bxf6 Qxf6 8. c3 cxd4 (8...
Be7 9. e3 O-O 10. Nbd2 b6 11. Re1 cxd4 12. exd4 Bd6 13. Nb3 Ba6 14. Qd2 Rac8
15. h3 Bc4 16. Re3 b5 17. Qc1 b4 18. Bf1 bxc3 19. bxc3 Bxf1 20. Kxf1 {
0-1 Janvari,V-Ivakhin,M/Budapest 1995/EXT 2002 (20)}) 9. cxd4 Bd6 10. Nc3 Qd8
11. Qb3 O-O 12. Rfe1 a6 13. Rac1 b5 14. Qd1 Bb7 15. e3 Qb6 16. Re2 Rfd8 17. Rd2
Bc7 18. Ne1 Rab8 19. Nd3 Ba8 20. Nc5 Ne7 21. Ne2 Rbc8 22. Rdc2 Bd6 23. Bh3 Rc7
24. Nf4 Bxf4 25. gxf4 Rd6 26. Na4 bxa4 27. Rxc7 Nc6 28. Rc8+ Kh7 29. Rxa8 {
1-0 Hoffmann,G-Janssen,H/Kleve 1999/CBM 70 ext (29)}) 7... Be7 8. e3 O-O 9. Re1
c4 {Schwarz will den Gegner einengen} 10. Nc3 a6 {Deckt b5} 11. Qe2 b5 12. a3 {
Nimmt Einfluss auf b4} 12... Rb8 13. Rd1 Bb7 14. h3 {Verwehrt dem Gegner g4}
14... Qa5 15. Bd2 Qb6 16. Be1 Rfd8 17. Nh2 Qc7 18. Ng4 Nxg4 19. Qxg4 b4 20. Ne2
Bc8 21. Qh5 bxa3 22. bxa3 Rb2 23. e4 dxe4 24. Bxe4 f5 25. Bc3 {Blockiert den c4
} 25... Rb5 26. Bxc6 (26. Bg2 $5 $14 {lohnt die Pruefung}) 26... Qxc6 $15 27.
Nf4 Bb7 28. d5 exd5 29. Rd4 (29. Bd4 $5 $15 {kommt in Betracht}) 29... Bf6 30.
Ng6 (30. Re1 $5 Qd7 31. Qd1 $17) 30... Qc5 $19 31. Re1 $4 {der letzte Fehler} (
31. Qd1 Kh7 32. Nf4 Rb8 $19) 31... Rb6 (31... Bxd4 $142 {ist der schnellste Weg
} 32. Ne7+ Kh8 33. Qxf5 Rb6 $19 (33... Bxc3 $6 34. Ng6+ Kg8 35. Ne7+ Qxe7 36.
Rxe7 Rb1+ 37. Kh2 $19)) 32. Ne5 Bxe5 33. Rxe5 Qxa3 34. Re3 Qc1+ $4 {
danach wendet sich das Blatt} (34... Rb1+ $142 {
Schwarz haette nun das bessere Spiel} 35. Kh2 Qc1 $19) 35. Rd1 $11 Qxc2 36.
Bxg7 {Beseitigt den Bauernschutz} 36... Qxd1+ $4 {
danach kann Schwarz alle Traeume begraben} (36... Kxg7 {Motiv: Hinlenkung-> g7}
37. Re7+) 37. Qxd1 $16 Kxg7 $4 {ein Ende mit Schrecken} (37... d4 38. Be5 Be4
39. Rxe4 fxe4 $18) 38. Qd4+ Rf6 39. Re7+ Kg6 40. Rxb7 (40. h4 Rc8 41. h5+ Kxh5
42. Rg7 f4 43. Qe5+ Rf5 44. Qxf5#) 40... Rdd6 (40... Rdf8 $18 {
bietet noch letzte Rettungschancen}) 41. Qa7 d4 (41... Kh5 42. Rh7 Rd7 43. Qxd7
Re6 44. Qxe6 d4 45. Qxf5#) 42. Rg7+ Kh5 43. Qe7 Rde6 44. Qb7 Rc6 (44... Re1+ {
hilft allerdings auch nicht} 45. Kh2 Rh1+ 46. Kxh1 Rg6 47. Qf7 Kg5 48. Qxg6#)
45. Qb1 f4 46. Qe4 (46. Qe4 Rg6 47. Qf5+ Rg5 48. Qg4+ Rxg4 49. hxg4#) 1-0

[Event "58. BEM 2004"]
[Site "Dortmund"]
[Date "2004.03.01"]
[Round "1.14"]
[White "Zeldin, Vitali"]
[Black "Schaefer, Ulrich"]
[Result "1-0"]
[WhiteElo "1918"]
[BlackElo "1481"]
[Annotator "Fritz 7 (15s)"]
[PlyCount "69"]
[EventDate "2004.??.??"]
[Source "SG Dortmund"]
[SourceDate "2004.12.16"]

{C42: Petroff Defence: 3 Nxe5 and unusual White 3rd moves
} 1. e4 e5 2. Nf3 Nf6
3. Nxe5 d6 4. Nf3 Nxe4 5. d4 d5 6. Bd3 Nc6 7. O-O Bg4 8. Re1 f5 9. c4 Be7 10.
cxd5 Qxd5 11. Bxe4 fxe4 12. Nc3 Qf5 13. Rxe4 Bxf3 14. Qxf3 Qxf3 15. gxf3 O-O-O
$4 $146 {vergroessert seine Probleme} (15... Kd7 16. Bf4 Rae8 17. Nb5 Bd8 18.
Rae1 a6 19. Rxe8 Rxe8 20. Rxe8 Kxe8 21. Nxc7+ Kd7 22. Nd5 Nxd4 23. Kg2 Kc6 24.
Nc3 Ne6 25. Be3 Bf6 26. Kf1 Bxc3 27. bxc3 Kd5 28. Ke2 Kc4 29. Kd2 b5 30. f4 g6
31. h4 Ng7 32. Bd4 Nf5 33. Bf6 Nd6 34. Ke3 Nf5+ 35. Ke4 b4 36. cxb4 Kxb4 37. h5
Kc4 38. hxg6 hxg6 39. Bb2 {
1/2-1/2 Otazo,A-Castaneda,K/Merida 2000/CBM 79 ext (39)}) (15... Kd7 $142 $16)
16. d5 $18 Bf6 17. dxc6 Bxc3 18. cxb7+ Kxb7 19. bxc3 Rd1+ 20. Kg2 Rhd8 21. Bb2
R1d2 22. Ba3 R8d7 23. Bc5 a5 24. Re6 Rb2 25. a4 Rd5 26. Bd4 Rg5+ 27. Kf1 h5 28.
h4 Rf5 29. Kg2 g5 30. Re5 Rxe5 31. Bxe5 gxh4 32. Bd4 Kc6 33. f4 Kd5 (33... Kd6
{aendert nichts mehr} 34. Re1 h3+ 35. Kxh3 $18) 34. Re1 Ra2 35. Re5+ (35. Re5+
Kd6 36. Rxa5 $18) 1-0

[Event "58. BEM 2004"]
[Site "Dortmund"]
[Date "2004.03.01"]
[Round "1.15"]
[White "Gerlach, André"]
[Black "Borjini, Mohamed"]
[Result "0-1"]
[WhiteElo "1410"]
[BlackElo "1918"]
[Annotator "Fritz 7 (15s)"]
[PlyCount "100"]
[EventDate "2004.??.??"]
[Source "SG Dortmund"]
[SourceDate "2004.12.16"]

{D56: Queen's Gambit Declined: Lasker Defence
} 1. d4 Nf6 2. c4 e6 3. Nc3 d5 4.
Bg5 Be7 5. e3 O-O 6. Nf3 h6 7. Bh4 Ne4 8. Bxe7 Qxe7 9. Bd3 Nxc3 10. bxc3 Nd7 (
10... dxc4 11. Bxc4 b6 12. O-O Bb7 13. Ne5 c5 14. Rc1 Nc6 15. f4 Rad8 16. Bb3
Nxe5 17. fxe5 Be4 18. Qg4 Bg6 19. h4 h5 20. Qf4 Rd7 21. c4 Rfd8 22. Rcd1 cxd4
23. exd4 a6 24. d5 Qc5+ 25. Kh1 {
Alonso Torno,V-Vidau Cabal,I/Asturias 2000/EXT 2002/1-0 (37)}) 11. O-O c6 $146
(11... e5 12. dxe5 (12. Be2 dxc4 13. Bxc4 {
1/2-1/2 Law,A-Hartston,W/London 1978/MCD (13)}) 12... dxc4 13. Bxc4 Nxe5 14.
Nxe5 Qxe5 15. Qb3 c6 16. Rfd1 Qe7 17. a4 Be6 18. Bxe6 fxe6 19. Ra2 Rad8 20.
Rad2 Rd5 21. e4 Rxd2 22. Rxd2 Kh8 23. Qc4 Rd8 24. Rxd8+ Qxd8 25. g3 Qd7 26. a5
{Riedel,H-Oblitas Guerrero,C/Crailsheim 1995/EXT 99/1/2-1/2 (54)}) (11... dxc4
12. Bxc4 c6 13. e4 b6 14. Qe2 Qa3 15. Bd3 Bb7 16. Rac1 Rac8 17. c4 Qe7 18. Rfd1
e5 19. d5 Nc5 20. Bb1 cxd5 21. exd5 Rce8 22. Rc3 f5 23. Re1 e4 24. Nd4 Qf6 25.
Qd2 a6 26. Nb3 {Crockett,S-Trevenen,H/Nottingham 1946/EXT 99/1-0 (39)}) 12. Ne5
Nxe5 13. dxe5 dxc4 14. Bxc4 b5 15. Bb3 Rd8 16. Qc2 c5 17. a4 b4 18. cxb4 cxb4
19. f4 Ba6 20. Rfd1 Rdc8 21. Qb2 Rc3 {Hier steht der schwarze Turm gut} 22. Re1
(22. Rd6 $5 {ist eine Alternative} 22... Bb7 23. a5 $15) 22... Qc5 $17 23. Kf2
Rc8 24. Qb1 $2 (24. Rad1 $5 $19) 24... Bd3 (24... Rd8 {
laesst dem Gegner kaum Chancen} 25. Kg1 Bd3 26. Qa2 $19) 25. Qb2 $2 (25. Qd1
Qe7 26. Kg1 $19) 25... Bc2 26. Rad1 (26. Ba2 {lenkt vielleicht noch ab} 26...
Rd8 27. Kg1 $19) 26... Rxb3 27. Qd4 Bxd1 28. Qxc5 Rxc5 29. Rxd1 Rb2+ 30. Kf3 b3
31. Rd8+ Kh7 32. Rd7 (32. Rb8 {aendert nichts am Ausgang der Partie} 32... Rb1
33. f5 b2 $19) 32... Rb1 33. Rxf7 (33. Rxa7 {hilft allerdings auch nicht} 33...
Rf1+ 34. Ke2 b2 $19) 33... b2 34. Rb7 Rf1+ 35. Kg4 b1=Q 36. Rxb1 Rxb1 37. h4
Rg1 38. g3 (38. Kf3 {aendert nichts am Ausgang der Partie} 38... Rc2 $19) 38...
Rc2 (38... Rf1 39. h5 Rc2 40. f5 exf5+ 41. Kh4 Rh1#) 39. f5 exf5+ (39... Rf2
40. e4 exf5+ 41. exf5 h5+ 42. Kxh5 Rxg3 43. f6 g6#) 40. Kxf5 $19 Rxg3 41. e4
Re2 42. e6 Rge3 43. e7 Rxe4 44. e8=B Rxe8 45. h5 (45. Kg4 {
waere gleichermassen fruchtlos} 45... R2e3 46. h5 g6 47. hxg6+ Kxg6 48. a5
R8e4#) 45... Rf8+ (45... R2e4 46. a5 R8e5#) 46. Kg4 Rg2+ 47. Kh3 Rg5 48. Kh2
Rf1 (48... Rf4 49. Kh3 Rxa4 50. Kh2 Rh4#) 49. a5 a6 50. Kh3 Rh1# 0-1

[Event "58. BEM 2004"]
[Site "Dortmund"]
[Date "2004.03.01"]
[Round "1.16"]
[White "Thormann, Olaf"]
[Black "Milonas, Georgios"]
[Result "1-0"]
[WhiteElo "1900"]
[BlackElo "1346"]
[Annotator "Fritz 7 (15s)"]
[PlyCount "52"]
[EventDate "2004.??.??"]
[Source "SG Dortmund"]
[SourceDate "2004.12.16"]

{B23: Closed Sicilian: Lines without g3
} 1. e4 c5 2. Nc3 Nc6 3. Bc4 g6 4. d3
Bg7 5. f4 d6 6. Nf3 e6 7. O-O Nge7 8. Bd2 O-O (8... a6 9. a4 Rb8 10. Qe1 Nd4
11. Nxd4 cxd4 12. Ne2 Nc6 13. Qg3 O-O 14. Rf3 Qe7 15. Raf1 d5 16. Bb3 dxe4 17.
dxe4 Bd7 18. Kh1 b5 19. axb5 Rxb5 20. Ng1 Qc5 21. Nh3 Na5 22. Bxa5 Rxa5 23. Nf2
{1/2-1/2 Schaper,S-Trella,T/Bergneustadt 1999/EXT 2002 (23)}) 9. Ng5 $146 (9.
Qe1 a6 (9... d5 10. Bb3 h6 11. Rd1 f5 12. exd5 exd5 13. Ne5 Nxe5 14. fxe5 Be6
15. a4 g5 16. Qf2 b6 17. d4 c4 18. Ba2 Qd7 19. Ra1 a6 20. Bb1 f4 21. b4 Bf5 22.
a5 b5 23. Nd1 Be4 24. Qe2 {
Safranska,A-Gurevich,V/Cappelle la Grande 1993/TD/0-1 (35)}) (9... Nd4 10. Nxd4
cxd4 11. Ne2 d5 12. exd5 exd5 13. Bb3 Nf5 14. Qf2 Qd6 15. Ng3 Ne3 16. Rfe1 h5
17. c3 h4 18. Ne2 Nf5 19. Nxd4 Nxd4 20. cxd4 h3 21. g3 Bf5 22. Bc2 b5 23. a3 a5
24. b4 Rfc8 25. Rac1 Qb6 26. Bb1 Bxd4 27. Be3 Rxc1 {
0-1 Malar,P-Blaho,S/SVK 1998/EXT 2000 (27)}) 10. a4 (10. a3 b5 11. Ba2 Nd4 12.
Nxd4 cxd4 13. Ne2 Qb6 14. Qh4 Ra7 15. Rf3 f5 16. Kh1 Qc6 17. c3 fxe4 18. dxe4
Qxe4 19. Nxd4 Bxd4 20. cxd4 Nf5 21. Qe1 Qxe1+ 22. Rxe1 d5 23. Bb4 Rd8 24. Bc5
Rf7 {Pizzuto,S-Piscopo,P/Castellaneta 1998/EXT 2000/1-0 (49)}) 10... Bd7 11.
Kh1 Nd4 12. Nxd4 cxd4 13. Ne2 b5 14. axb5 axb5 15. Rxa8 Qxa8 16. Bb3 Nc6 17.
Ng3 Qa7 18. f5 Qc5 19. Qc1 h5 20. Bh6 h4 21. Bxg7 Kxg7 22. f6+ Kh7 23. Ne2 Qh5
{Sycova,M-Sarana,O/Prievidza 1998/EXT 99/0-1 (69)}) 9... Na5 10. Bb3 Nxb3 11.
axb3 h6 12. Nf3 d5 13. Qc1 Kh7 14. Be1 a6 {Verwehrt dem Gegner b5} 15. Bf2 b6 {
Befestigt c5} 16. e5 {Raumgewinn} 16... Bb7 17. Qd1 Nc6 18. Bh4 Qc7 19. Qe2
Rac8 20. Rac1 b5 21. g4 Ne7 {Schwarz plant c4} 22. Nd1 Ng8 23. Bg3 Qb6 24. Bf2
Qc7 (24... d4 25. c3 $17) 25. h4 (25. Bg3 d4 $15) 25... c4 (25... d4 $5 $17)
26. d4 (26. Nd4 $5 $15 {ist bedenkenswert}) 26... c3 (26... cxb3 $142 $5 27.
Ne3 Ne7 $17) 1-0